000
00325nam a2200133Ia 4500
008
230917s9999||||xx |||||||||||||| ||und||
040
_e
108662
_a
MAIN
041
_a
English
082
_a
331.3 S64W
100
_a
Singh, Sunder
245
0
_a
Working condition and living standard of workers
300
_a
139 p.
942
_c
TH
999
_c
89078
_d
89078